| 000 -LEADER |
| fixed length control field |
00962nam a2200277Ia 4500 |
| 001 - CONTROL NUMBER |
| control field |
20837 |
| 003 - CONTROL NUMBER IDENTIFIER |
| control field |
GE_BSU |
| 008 - FIXED-LENGTH DATA ELEMENTS--GENERAL INFORMATION |
| fixed length control field |
181216s||||||||xx |||||||||||||| ||und|| |
| 010 ## - LIBRARY OF CONGRESS CONTROL NUMBER |
| LC control number |
9789941114687 |
| 040 ## - CATALOGING SOURCE |
| Transcribing agency |
GE_BSU |
| 080 ## - UNIVERSAL DECIMAL CLASSIFICATION NUMBER |
| Universal Decimal Classification number |
821.111(71)-31 |
| 100 ## - MAIN ENTRY--PERSONAL NAME |
| Personal name |
ეტვუდი, მ. (მარგარეტ), |
| 245 ## - TITLE STATEMENT |
| Title |
ბრმა მკვლელი |
| 245 ## - TITLE STATEMENT |
| Remainder of title |
[რომანი] |
| 245 ## - TITLE STATEMENT |
| Statement of responsibility, etc. |
მთარგმნ. თამარ ჯაფარიძე ; რედ. ლალი ბაქრაძე ; დიზაინერი ნინო გურული. |
| 260 ## - PUBLICATION, DISTRIBUTION, ETC. |
| Place of publication, distribution, etc. |
თბილისი |
| 260 ## - PUBLICATION, DISTRIBUTION, ETC. |
| Name of publisher, distributor, etc. |
დიოგენე |
| 260 ## - PUBLICATION, DISTRIBUTION, ETC. |
| Date of publication, distribution, etc. |
2014 |
| 300 ## - PHYSICAL DESCRIPTION |
| Extent |
867გვ;20სმ. |
| 653 ## - INDEX TERM--UNCONTROLLED |
| Uncontrolled term |
The blind assassin. |
| 653 ## - INDEX TERM--UNCONTROLLED |
| Uncontrolled term |
Слепой убийца |
| 653 ## - INDEX TERM--UNCONTROLLED |
| Uncontrolled term |
ბრმა მკვლელი |
| 653 ## - INDEX TERM--UNCONTROLLED |
| Uncontrolled term |
მხატვრული ლიტერატურა |
| 942 ## - ADDED ENTRY ELEMENTS (KOHA) |
| Koha item type |
წიგნი |